| 000 | 01682 a2200253 4500 | ||
|---|---|---|---|
| 003 | Nust | ||
| 005 | 20220815103654.0 | ||
| 010 | _a 98046066 | ||
| 020 | _a0306457539 | ||
| 035 | _a(DLC) 98046066 | ||
| 040 | _cNust | ||
| 082 | 0 | 0 | _a621.382,BEN |
| 100 | 1 |
_aBenedetto, Sergio. _997122 |
|
| 245 | 1 | 0 |
_aPrinciples of digital transmission : _bwith wireless applications / _cSergio Benedetto and Ezio Biglieri. |
| 260 |
_aNew York : _bKluwer Academic/Plenum Press, _cc1999. |
||
| 300 |
_axvii, 855 p. : _bill. ; _c24 cm. |
||
| 440 | 0 |
_aInformation technology--transmission, processing, and storage _995628 |
|
| 505 | _aIntroduction and Motivaation (Page-1), A Mathematical Introduction (Page-9), Basic Results from Information Theory (Page-103), Waveform Transmission over the Gaussian Channel (Page-159), Digital Modulations Schemes (Page-215), Modulation for the Wireless Channel (Page-272), Interspersion Interference Channels (Page-312), Adaptive Receivers and Channel Equalization (Page-380), Carrier Clock Synchronization (Page-429), Improving the Transmission reliability Block Cods (Page-452), Convolution and Concatenated Codes (Page-532), Coded Modulation (Page-628), Digital Transmission over Fading Channels (Page-686), Digital Transmission over Nonlinear Channels (Page-725), Useful Formulas and Approximation (Page-773), Some Facts From Matrix (Page-788). | ||
| 650 | 0 | _aTelecommunication Engineering. | |
| 700 | 1 |
_aBiglieri, Ezio. _997123 |
|
| 856 | 4 | 2 |
_3Publisher description _uhttp://www.loc.gov/catdir/enhancements/fy0902/98046066-d.html |
| 856 | 4 | 2 |
_3Table of contents only _uhttp://www.loc.gov/catdir/enhancements/fy0902/98046066-t.html |
| 942 |
_cREF _2ddc |
||
| 999 |
_c175816 _d175816 |
||